Birds - Statistics

General Stats
  • This quiz has been taken 85 times
    8 since last reset
  • The average score is 15 of 30
Answer Stats
Hint Answer % Correct
Which bird has become the symbol of peace? Dove
100%
Which bird has become the nickname for people from New Zealand Kiwi
100%
What can be snowy, long eared, small, tawny and barn Owl
100%
What sort of bird is Woody Woodpecker
100%
Which finch has a precious metal in its name Goldfinch
86%
Which duck shares its name with the steam train that reached speeds of 126mph Mallard
86%
Which bird must never leave the Tower of London? Raven
86%
Which bird was Batman's mate? Robin
86%
Which bird featured in The Rime of the Ancient Mariner Albatross
71%
Singer - Sheryl ...... Crow
71%
Which bird sounds like a letter of the alphabet? Jay
71%
What is Britain's fastest bird called, reaching 200mph Peregrine falcon
71%
Which bird sang in Berkeley Square? Nightingale
57%
Which captain sailed the high Caribbean seas Sparrow
57%
Which bird shares its name with the hotel chain Ibis
43%
What bird is associated with Newcastle FC Magpie
43%
Which common bird shares its name (although not the spelling) with a Hollywood actor, who died in the 1980s Pigeon
43%
Which bird shares its name with female navy personnel Wren
43%
This bird shares its name with a Lockheed aeroplane Blackbird
29%
Which bird shares its name with the headgear donned by a judge when passing the death sentence Blackcap
29%
Which bird shares its name with the first of a series of books by Robert Galbraith Cuckoo
29%
Which bird is synonymous with whisky? Grouse
29%
Which bird shares its name with an Arthurian legend? Merlin
29%
Which bird is the logo of the RSPB Avocet
14%
As greedy as a ... Gannet
14%
Which breed of duck shares its name with a Bond film Goldeneye
14%
Which birds share their name with an Indie pop group in the 80s from Hull Housemartins
14%
What kind of bird starred in the 1969 film starring David Bradley Kestrel
14%
What bird shares its name with the FBI agent in "Silence of the Lambs" Starling
14%
Which bird of prey shares its name with a pipe tobacco brand Condor
0%
No matching quizzes found
Score Distribution
Percent of People with Each Score
Percentile by Number Answered
Your Score History
You have not taken this quiz since the last reset